<?xml version="1.0" encoding="UTF-8"?><?xml-stylesheet type="text/xsl" href="static/style.xsl"?><OAI-PMH xmlns="http://www.openarchives.org/OAI/2.0/" xmlns:xsi="http://www.w3.org/2001/XMLSchema-instance" xsi:schemaLocation="http://www.openarchives.org/OAI/2.0/ http://www.openarchives.org/OAI/2.0/OAI-PMH.xsd"><responseDate>2026-06-05T16:25:23Z</responseDate><request verb="GetRecord" identifier="oai:riuma.uma.es:10630/32857" metadataPrefix="marc">https://riuma.uma.es/rest/oai/request</request><GetRecord><record><header><identifier>oai:riuma.uma.es:10630/32857</identifier><datestamp>2026-02-03T11:15:29Z</datestamp><setSpec>com_10630_2254</setSpec><setSpec>col_10630_37953</setSpec></header><metadata><record xmlns="http://www.loc.gov/MARC21/slim" xmlns:dcterms="http://purl.org/dc/terms/" xmlns:doc="http://www.lyncode.com/xoai" xmlns:xsi="http://www.w3.org/2001/XMLSchema-instance" xsi:schemaLocation="http://www.loc.gov/MARC21/slim http://www.loc.gov/standards/marcxml/schema/MARC21slim.xsd">
   <leader>00925njm 22002777a 4500</leader>
   <datafield ind2=" " ind1=" " tag="042">
      <subfield code="a">dc</subfield>
   </datafield>
   <datafield ind2=" " ind1=" " tag="720">
      <subfield code="a">Soto-Calzado, Inocente</subfield>
      <subfield code="e">author</subfield>
   </datafield>
   <datafield ind2=" " ind1=" " tag="260">
      <subfield code="c">2016</subfield>
   </datafield>
   <datafield ind2=" " ind1=" " tag="520">
      <subfield code="a">Emilio Sala Francés fue un defensor a finales del siglo XIX de las nuevas formas artísticas y de los&#xd;
nuevos medios. Su obra se reproducirá en xilografía y fotograbado, creando escuela en sus trabajos de ilustración,&#xd;
enriquecidos por su colaboración con literatos de la talla de Galdós o Juan Ramón Jiménez. Una mirada&#xd;
a su obra gráfica descubre la variedad temática, colaboraciones poco conocidas y sus registros estéticos, que&#xd;
van desde las depuradas líneas a las elocuentes manchas tonales.</subfield>
   </datafield>
   <datafield ind1="8" ind2=" " tag="024">
      <subfield code="a">Soto Calzado, I. (2016).  Emilio sala Francés, itinerario gráfico. Ars longa, 25, 261-270.</subfield>
   </datafield>
   <datafield ind1="8" ind2=" " tag="024">
      <subfield code="a">1130-7099</subfield>
   </datafield>
   <datafield ind1="8" ind2=" " tag="024">
      <subfield code="a">https://hdl.handle.net/10630/32857</subfield>
   </datafield>
   <datafield tag="653" ind2=" " ind1=" ">
      <subfield code="a">Sala Francés, Emilio - Grabado</subfield>
   </datafield>
   <datafield ind2="0" ind1="0" tag="245">
      <subfield code="a">Emilio Sala Francés, itinerario gráfico</subfield>
   </datafield>
</record>
</metadata></record></GetRecord></OAI-PMH>